000 00542nam a2200193Ia 4500
005 20250508164154.0
008 008 250505s9999 xx 000 0 eng d
020 _a81-7036-955-X
037 _aTextual
040 _aFEDL
_beng
_cFEDL
041 _aeng
_2eng
084 _a616.89, DAV
_qFEDL
100 _aDavar Bhargavi V Ed.
245 0 _aMental health from a gender perspective
260 _aNew Delhi, India
_bSage Publications
_c2001
300 _a427p
942 _cTEXL
_h616.89, DAV
999 _c1387431
_d1387431